Um País por Letra por Continente - Statistics

Estatísticas Gerais
  • Esse quiz foi jogado 593 vezes
  • A pontuação média é 56 de 85
Estatísticas das Respostas
Todas as respostas possíveis % Correto
Albânia, Alemanha, Andorra e Áustria Albânia +3
99%
África do Sul, Angolan e Argélia África do Sul +2
92%
Argentina Argentina
90%
Afeganistão, Arábia Saudita, Armênia e Azerbaijão Afeganistão +3
89%
Bélgica, Bielorrússia, Bósnia e Herzegovina eBulgária Bélgica +3
87%
Austrália Austrália
86%
Bolívia e Brasil Bolívia +1
86%
Chile e Colômbia Chile +1
84%
Dinamarca Dinamarca
84%
Camboja, Catar, Cazaquistão, China, Chipre,Coréia do Norte e Coréia do Sul Camboja +6
83%
Canadá, Costa Rica e Cuba Canadá +2
82%
Eslováquia, Eslovênia, Espanha e Estônia Eslováquia +3
82%
Cabo Verde, Camarões, Chade, Comores e Costado Marfim Cabo Verde +4
79%
Bahrain, Bangladesh, Birmânia, Brunei e Butão Bahrain +4
78%
Finlândia e França Finlândia +1
78%
Bahamas, Barbados e Belize Bahamas +2
77%
Croácia Croácia
76%
Equador Equador
76%
Benim, Botsuana, Burkina Faso e Burundi Benim +3
75%
El Salvador e Estados Unidos El Salvador +1
75%
Egito, Eritréia, Essuatíni e Etiópia Egito +3
73%
Iêmen, Índia, Indonésia, Irã, Iraque e Israel Iêmen +5
72%
Haiti e Honduras Haiti +1
71%
Irlanda, Islândia e Itália Irlanda +2
71%
Japão e Jordânia Japão +1
71%
Gabão, Gâmbia, Gana, Guiné, Guiné-Bissau e GuinéEquatorial Gabão +5
70%
Guiana Guiana
70%
Letônia, Liechtenstein, Lituânia e Luxemburgo Letônia +3
70%
Antígua e Barbuda Antígua e Barbuda
69%
Djibouti Djibouti
69%
Dominica Dominica
69%
Fiji Fiji
68%
Macedônia do Norte, Malta, Moldávia, Mônaco eMontenegro Macedônia do Norte +4
68%
Madagascar, Maláui, Mali, Marrocos, Maurícia, Maurit}ânia e Moçambique Madagascar +6
68%
Jamaica Jamaica
67%
Kosovo Kosovo
67%
Granada e Guatemala Granada +1
66%
Grécia Grécia
66%
Países Baixos, Polônia e Portugal Países Baixos +2
66%
Reino Unido, República Tcheca, Romênia e Rússia Reino Unido +3
65%
Omã Omã
64%
Paraguai e Peru Paraguai +1
64%
Hungria Hungria
63%
Laos e Líbano Laos +1
63%
Malásia, Maldivas e Mongólia Malásia +2
63%
Noruega Noruega
63%
Lesoto, Libéria e Líbia Lesoto +2
62%
Namíbia, Níger e Nigéria Namíbia +2
62%
Nauru e Nova Zelândia Nauru +1
62%
Quênia Quênia
62%
San Marino, Sérvia, Suécia e Suíça San Marino +3
62%
Tailândia, Taiwan, Tajiquistão, Timor-Leste, Turcomenistão eTurquia Tailândia +5
62%
Filipinas Filipinas
61%
República Centro-Africana, República Democrática doCongo, República do Congo e Ruanda República Centro-Africana +3
61%
Paquistão Paquistão
60%
São Tomé e Príncipe, Senegal, Serra Leoa, Somália, Sudão e Sudão do Sul São Tomé e Príncipe +6
60%
Suriname Suriname
60%
Uruguai Uruguai
60%
Emirados Árabes Unidos Emirados Árabes Unidos
59%
Ilhas Marshall e Ilhas Salomão Ilhas Marshall +1
58%
Kiribati Kiribati
58%
Kuwait Kuwait
58%
México México
58%
Nicarágua Nicarágua
58%
Palau e Papua Nova Guiné Palau +1
58%
Vaticano Vaticano
58%
Zâmbia e Zimbábue Zâmbia +1
58%
Venezuela Venezuela
57%
Geórgia Geórgia
56%
Nepal Nepal
56%
Quirguistão Quirguistão
56%
Uzbequistão Uzbequistão
56%
Tanzânia, Togo e Tunísia Tanzânia +2
55%
Uganda Uganda
55%
Singapura, Síria e Sri Lanka Singapura +2
54%
Tonga e Tuvalu Tonga +1
54%
Ucrânia Ucrânia
54%
Paquistão Panamá
52%
Santa Lúcia, São Cristóvão e Névis e São Vicente e Granadinas Santa Lúcia +2
51%
Vietnã Vietnã
51%
Estados Federados da Micronésia Estados Federados da Micronésia
50%
Samoa Samoa
49%
Trinidad e Tobago Trinidad e Tobago
49%
Vanuatu Vanuatu
49%
República Dominicana República Dominicana
48%
Nenhum quiz correspondente encontrado
Distribuição das Pontuações
Porcentagem de Pessoas com Cada Pontuação
Percentil de Números Respondidos
Sua Pontuação Histórica
Você não jogou esse quiz